[Event "HUN-chT2 Barcza 1819"]
[Site "Hungary"]
[Date "2019.02.10"]
[Round "7.7"]
[White "Hidegh, Gabor"]
[Black "Rizsonkov, Vlagyimir"]
[Result "0-1"]
[WhiteElo "2107"]
[BlackElo "2053"]
[PlyCount "118"]
[EventDate "2018.09.23"]
[EventType "team-tourn"]
[EventRounds "11"]
[EventCountry "HUN"]
[SourceTitle "CBM 189 Extra"]
[Source "ChessBase"]
[SourceDate "2019.06.03"]
[SourceVersion "1"]
[SourceVersionDate "2019.06.03"]
[SourceQuality "1"]
[WhiteTeam "Nyiregyhaza SISE"]
[BlackTeam "Szirmabesenyo"]
[WhiteTeamCountry "HUN"]
[BlackTeamCountry "HUN"]

1. d4 d5 2. Nf3 Nf6 3. Bf4 e6 4. e3 Nbd7 5. Bd3 Nh5 6. Bg5 Be7 7. Bxe7 Qxe7 8. 0-0 0-0 9. Nbd2 f5 10. Ne5 Nxe5 11. dxe5 g6 12. f4 b6 13. Qe1 Bb7 14. h3 Ng7 15. Nf3 Rad8 16. Rd1 c5 17. Rf2 Nh5 18. Rf1 d4 19. g4 Ng7 20. Bc4 a6 21. a3 b5 22. Ba2 Bxf3 23. Rxf3 Qb7 24. Rf1 Qe4 25. exd4 Rxd4 26. Qxe4 Rxe4 27. Rd6 fxg4 28. hxg4 c4 29. Rxa6 g5 30. a4 gxf4 31. axb5 f3 32. b6 Rxg4+ 33. Kf2 Rg2+ 34. Ke3 Nf5+ 35. Kxf3 Nh4+ 36. Ke4 Rg4+ 37. Ke3 Ng2+ 38. Ke2 Re4+ 39. Kd2 Rxf1 40. b7 Rd4+ 41. Kc3 Rd8 42. Bxc4 Rf3+ 43. Kb4 Rff8 44. Bxe6+ Kg7 45. Bc8 Rxc8 46. bxc8Q Rxc8 47. c4 Nf4 48. Rd6 h5 49. c5 h4 50. Rd4 Ng6 51. Rd7+ Kh6 52. e6 h3 53. Kb5 Kg5 54. c6 h2 55. Rd1 Ne7 56. Rh1 Rh8 57. Kb6 Kg4 58. Rxh2 Rxh2 59. b4 Kf5 0-1

[Event "Mukachevo Rating 29th"]
[Site "Mukachevo"]
[Date "2016.02.06"]
[Round "7"]
[White "Rizsonkov, Vlagyimir"]
[Black "Pribek, Tiberiy"]
[Result "1-0"]
[WhiteElo "2091"]
[BlackElo "1568"]
[PlyCount "50"]
[EventDate "2016.02.03"]
[EventType "swiss"]
[EventRounds "9"]
[EventCountry "UKR"]
[SourceTitle "CBM 170 Extra"]
[Source "ChessBase"]
[SourceDate "2016.02.25"]
[SourceVersion "1"]
[SourceVersionDate "2016.02.25"]
[SourceQuality "1"]

1. e4 e6 2. d4 c6 3. Nf3 d5 4. e5 c5 5. c3 Nc6 6. a3 a5 7. Bd3 c4 8. Bc2 Bd7 9. a4 Na7 10. Ng5 Nh6 11. h4 Nf5 12. g4 h6 13. Nxe6 fxe6 14. gxf5 h5 15. Qf3 Qc7 16. Bg5 exf5 17. Bxf5 Bxf5 18. Qxf5 Qf7 19. Qh3 Qd7 20. e6 Qc7 21. Qf5 Be7 22. Qf7+ Kd8 23. Qxg7 Re8 24. f4 Qb6 25. Qe5 Nc8 1-0

[Event "Mukachevo Rating 29th"]
[Site "Mukachevo"]
[Date "2016.02.04"]
[Round "3"]
[White "Fediv, Alexandr"]
[Black "Rizsonkov, Vlagyimir"]
[Result "0-1"]
[WhiteElo "2246"]
[BlackElo "2091"]
[PlyCount "126"]
[EventDate "2016.02.03"]
[EventType "swiss"]
[EventRounds "9"]
[EventCountry "UKR"]
[SourceTitle "CBM 170 Extra"]
[Source "ChessBase"]
[SourceDate "2016.02.25"]
[SourceVersion "1"]
[SourceVersionDate "2016.02.25"]
[SourceQuality "1"]

1. e4 e5 2. Nf3 Nc6 3. Bb5 a6 4. Ba4 d6 5. d4 b5 6. Bb3 Nxd4 7. Nxd4 exd4 8. Bd5 Rb8 9. Qxd4 Ne7 10. Qa7 Rb6 11. Be3 c5 12. a4 Nxd5 13. exd5 bxa4 14. Rxa4 Rxb2 15. 0-0 Be7 16. Re4 Rb7 17. Qxa6 Rxb1 18. Qa4+ Bd7 19. Rxe7+ Qxe7 20. Qa8+ Qd8 21. Qxd8+ Kxd8 22. Rxb1 Kc7 23. Ra1 Bc8 24. Bf4 Re8 25. f3 Bb7 26. c4 Re2 27. Ra7 Rb2 28. h4 h5 29. Kh2 Rb4 30. Kg3 g6 31. Kh3 Rxc4 32. Bxd6+ Kb6 33. Ra3 Bxd5 34. Be7 Rc2 35. g4 Be6 36. Kg3 hxg4 37. fxg4 Rc4 38. g5 Rg4+ 39. Kf2 Rxh4 40. Rc3 c4 41. Ke3 Kc6 42. Kd2 Rd4+ 43. Kc1 Bf5 44. Bf6 Rg4 45. Kd2 Kd5 46. Re3 Be4 47. Rc3 Bd3 48. Ke3 Be4 49. Kd2 Bd3 50. Ke3 Re4+ 51. Kf2 Re2+ 52. Kf3 Re1 53. Kf2 Re4 54. Kf3 Re6 55. Bg7 Re8 56. Bf6 Kc5 57. Kf4 Kb4 58. Rc1 Re2 59. Bg7 Be4 60. Ke5 Bc2+ 61. Kf6 Rf2+ 62. Ke7 c3 63. Bd4 Rf4 0-1

[Event "Mukachevo Summer op"]
[Site "Mukachevo"]
[Date "2012.06.28"]
[Round "5"]
[White "Kazakov, Mikhail"]
[Black "Rizsonkov, Vlagyimir"]
[Result "1-0"]
[WhiteElo "2481"]
[BlackElo "2166"]
[PlyCount "115"]
[EventDate "2012.06.26"]
[EventType "swiss"]
[EventRounds "9"]
[EventCountry "UKR"]
[SourceTitle "CBM 149 Extra"]
[Source "ChessBase"]
[SourceDate "2012.08.24"]
[SourceVersion "1"]
[SourceVersionDate "2012.08.24"]
[SourceQuality "1"]

1. Nf3 Nf6 2. c4 c5 3. Nc3 Nc6 4. d4 cxd4 5. Nxd4 a6 6. g3 e5 7. Nc2 Bc5 8. Bg2 d6 9. 0-0 0-0 10. b3 h6 11. Bb2 Bg4 12. Qd2 Qe7 13. Ne3 Be6 14. Rad1 Rad8 15. Ned5 Bxd5 16. Nxd5 Nxd5 17. Bxd5 Kh8 18. Bc3 f5 19. b4 Ba7 20. a4 Nd4 21. e3 Ne6 22. Bg2 Ng5 23. Qd5 e4 24. h4 Ne6 25. Bh3 Qf7 26. Qa5 Qg6 27. Kh2 Bb8 28. Qd5 b6 29. f3 Nc7 30. Qc6 Ne6 31. fxe4 fxe4 32. Qd5 Nc7 33. Qb7 b5 34. Rxf8+ Rxf8 35. Rf1 Qe8 36. axb5 axb5 37. cxb5 Rg8 38. b6 Nb5 39. Ba1 d5 40. Qxd5 Qg6 41. Rg1 Nd6 42. Be5 Rf8 43. Bf4 Qf6 44. Rg2 Re8 45. Rc2 Rd8 46. b7 Rf8 47. Bg2 Qe7 48. b5 Re8 49. b6 Rd8 50. Rc6 Qxb7 51. Rxd6 Qxd5 52. Rxd5 Rxd5 53. Bxb8 Rb5 54. Bc7 Rb4 55. Bxe4 Rxe4 56. b7 Rb4 57. b8Q+ Rxb8 58. Bxb8 1-0

[Event "Mukachevo 7th"]
[Site "Mukachevo"]
[Date "2011.05.06"]
[Round "2"]
[White "Shkuran, Danylo"]
[Black "Rizsonkov, Vlagyimir"]
[Result "1-0"]
[WhiteElo "2371"]
[BlackElo "2165"]
[PlyCount "109"]
[EventDate "2011.05.05"]
[EventType "tourn"]
[EventRounds "9"]
[EventCountry "UKR"]
[SourceTitle "EXT 2012"]
[Source "ChessBase"]
[SourceDate "2011.11.24"]
[SourceVersion "1"]
[SourceVersionDate "2011.11.24"]
[SourceQuality "1"]

1. e4 e5 2. Nf3 Nc6 3. Bb5 a6 4. Ba4 d6 5. c3 Nf6 6. Qe2 Bg4 7. h3 Bh5 8. d3 Be7 9. Nbd2 Nd7 10. Nf1 Nc5 11. Bc2 Ne6 12. Ng3 Bg6 13. 0-0 0-0 14. Rd1 Bf6 15. Be3 Qc8 16. d4 Nf4 17. Bxf4 exf4 18. Nf1 Re8 19. Re1 Bh5 20. Kh2 Bxd4 21. cxd4 Nxd4 22. Nxd4 Bxe2 23. Rxe2 g6 24. Rc1 Qd8 25. Bb3 Rc8 26. Nf3 Qf6 27. Rc3 c6 28. Re1 Rcd8 29. N1d2 h6 30. Rd3 Kg7 31. Nc4 d5 32. e5 Qf5 33. Bc2 Qd7 34. Nd6 Re6 35. Rd4 b5 36. Rxf4 Rxd6 37. exd6 Qxd6 38. g3 c5 39. Ne5 Rf8 40. h4 d4 41. b3 f5 42. Bd3 Qd5 43. Nf3 c4 44. Re5 Qf7 45. bxc4 bxc4 46. Bf1 d3 47. Rc5 Rd8 48. Nd2 c3 49. Rxc3 Qxa2 50. Rc7+ Kf6 51. Ne4+ Ke5 52. Re7+ Kd4 53. Nd6+ Kd5 54. Nb7 Rb8 55. Bg2# 1-0

[Event "HUN-chT2 Maroczy 0809"]
[Site "Hungary"]
[Date "2009.02.22"]
[Round "8"]
[White "Rizsonkov, Vlagyimir"]
[Black "Kajari, Istvan"]
[Result "0-1"]
[WhiteElo "2252"]
[BlackElo "2240"]
[PlyCount "120"]
[EventDate "2008.10.26"]
[EventType "team-tourn"]
[EventRounds "11"]
[EventCountry "HUN"]
[SourceTitle "EXT 2010"]
[Source "ChessBase"]
[SourceDate "2010.11.25"]
[SourceVersion "1"]
[SourceVersionDate "2010.11.25"]
[SourceQuality "1"]
[WhiteTeam "Munkacs"]
[BlackTeam "Gyula"]
[WhiteTeamCountry "HUN"]
[BlackTeamCountry "HUN"]

1. e4 e5 2. Nf3 Nc6 3. d4 exd4 4. Bc4 Nf6 5. e5 Ne4 6. c3 d5 7. Bb3 Bg4 8. cxd4 Bb4+ 9. Kf1 0-0 10. h3 Bh5 11. a3 Ba5 12. Qd3 Bg6 13. Qb5 Bb6 14. Be3 Ne7 15. Nh4 c6 16. Qe2 Nf5 17. Nxf5 Bxf5 18. h4 Qd7 19. Kg1 f6 20. exf6 Rxf6 21. Nd2 Re8 22. Nf1 Bc7 23. h5 h6 24. Bd1 Qf7 25. Rh4 Bd7 26. Qc2 Rf8 27. f3 Ng3 28. Nxg3 Bxg3 29. Rh1 Bg4 30. Bf2 Bxf2+ 31. Qxf2 Bxh5 32. Be2 Bg6 33. Rh4 Rf4 34. Rh3 Qf6 35. Rd1 Qe7 36. Bf1 Re8 37. Qg3 Qf6 38. Qf2 Ree4 39. Rg3 Bf7 40. Bd3 Rxd4 41. Qc2 g5 42. Re1 Kg7 43. Qe2 c5 44. Qe3 Rh4 45. Kf2 c4 46. Be2 a5 47. Qc3 Rdf4 48. Bf1 b5 49. Re7 d4 50. Qe1 d3 51. Qc3 b4 52. axb4 axb4 53. Qxb4 Qd4+ 54. Ke1 Rh1 55. Qd2 Qg1 56. Qc3+ Kg6 57. Kd1 Qxf1+ 58. Qe1 Qxe1+ 59. Rxe1 Rxe1+ 60. Kxe1 Be6 0-1

[Event "HUN-chT2 Barcza 0708"]
[Site "Hungary"]
[Date "2008.03.16"]
[Round "8"]
[White "Rizsonkov, Vlagyimir"]
[Black "Kristof, Peter"]
[Result "1-0"]
[WhiteElo "2251"]
[BlackElo "2181"]
[PlyCount "69"]
[EventDate "2007.10.14"]
[EventType "team"]
[EventRounds "11"]
[EventCountry "HUN"]
[SourceTitle "EXT 2009"]
[Source "ChessBase"]
[SourceDate "2008.11.26"]
[SourceVersion "1"]
[SourceVersionDate "2008.11.26"]
[SourceQuality "1"]
[WhiteTeam "Munkacs"]
[BlackTeam "Edeleny"]
[WhiteTeamCountry "HUN"]
[BlackTeamCountry "HUN"]

1. e4 e6 2. d4 d5 3. Nc3 Nf6 4. Bg5 Bb4 5. e5 h6 6. Bd2 Bxc3 7. bxc3 Ne4 8. Bd3 Nxd2 9. Qxd2 c5 10. Nf3 Nc6 11. a4 Bd7 12. h4 c4 13. Be2 Ne7 14. Qc1 Qa5 15. Qa3 Rb8 16. Kd2 Nc8 17. Rhb1 Nb6 18. Qd6 Rd8 19. Qa3 Rb8 20. h5 Nxa4 21. Rb4 b5 22. Qxa4 bxa4 23. Rxb8+ Ke7 24. Rxh8 Be8 25. Ra3 Qb5 26. Kc1 Kd7 27. Rg8 g6 28. hxg6 fxg6 29. Rg7+ Kd8 30. Rxa7 Qb6 31. Rh7 Qa5 32. Nd2 g5 33. Rxh6 Ke7 34. Nf3 Bf7 35. Nxg5 1-0

[Event "HUN-chT2 Barcza 0708"]
[Site "Hungary"]
[Date "2008.03.02"]
[Round "7"]
[White "Rizsonkov, Vlagyimir"]
[Black "Csolto, Tibor"]
[Result "1-0"]
[WhiteElo "2251"]
[BlackElo "2124"]
[PlyCount "80"]
[EventDate "2007.10.14"]
[EventType "team"]
[EventRounds "11"]
[EventCountry "HUN"]
[SourceTitle "EXT 2009"]
[Source "ChessBase"]
[SourceDate "2008.11.26"]
[SourceVersion "1"]
[SourceVersionDate "2008.11.26"]
[SourceQuality "1"]
[WhiteTeam "Munkacs"]
[BlackTeam "Kazincbarcika II"]
[WhiteTeamCountry "HUN"]
[BlackTeamCountry "HUN"]

1. e4 c5 2. Nf3 d6 3. c3 Nf6 4. e5 dxe5 5. Nxe5 Qd5 6. d4 Nc6 7. Nf3 Bg4 8. Be2 cxd4 9. cxd4 e6 10. Nc3 Qa5 11. 0-0 Be7 12. h3 Bh5 13. Be3 0-0 14. a3 Nd5 15. Bd2 Rfd8 16. Kh1 a6 17. Rc1 Rd7 18. Ne5 Nxe5 19. Bxh5 Ng6 20. Bf3 Nxc3 21. Bxc3 Qb6 22. Qa4 Nf8 23. Rfd1 Bg5 24. Rc2 Qd8 25. Ba5 Qf6 26. Rc5 Bf4 27. Rc3 Rb8 28. Bb6 e5 29. Rb3 Qg6 30. g3 e4 31. Bg2 Bd6 32. d5 f5 33. g4 Re8 34. Re1 fxg4 35. Bxe4 gxh3 36. Rxh3 Qf7 37. Qc2 g6 38. Ree3 Rde7 39. Bg2 Rxe3 40. Bxe3 Qc7 1-0

[Event "Uzhgorod Spring op"]
[Site "Uzhgorod"]
[Date "2007.05.26"]
[Round "4"]
[White "Matvienko, Vasyl"]
[Black "Rizsonkov, Vlagyimir"]
[Result "1-0"]
[WhiteElo "1977"]
[BlackElo "2233"]
[PlyCount "125"]
[EventDate "2007.05.24"]
[EventType "swiss"]
[EventRounds "7"]
[EventCountry "UKR"]
[SourceTitle "CBM 118 Extra"]
[Source "ChessBase"]
[SourceDate "2007.07.04"]
[SourceVersion "1"]
[SourceVersionDate "2007.07.04"]
[SourceQuality "1"]

1. e4 e5 2. Nf3 Nc6 3. Bb5 d6 4. d4 Bd7 5. c3 Nf6 6. Nbd2 Be7 7. 0-0 0-0 8. Re1 Re8 9. Nf1 Bf8 10. Ng3 h6 11. Bc4 Na5 12. Bd3 c5 13. h3 g6 14. d5 c4 15. Bc2 b6 16. Be3 Bg7 17. Qd2 Kh7 18. Kh1 Qc8 19. Rg1 Rh8 20. Kh2 Kg8 21. Rgf1 Qc7 22. Ne1 g5 23. Nf3 Nb7 24. Kg1 Qc8 25. b4 Nh7 26. Nh2 Nf8 27. Nf5 Qd8 28. g3 Ng6 29. Kh1 Bf6 30. Ng4 Bg7 31. Kg2 f6 32. f3 h5 33. Nf2 h4 34. Ng4 hxg3 35. Kxg3 Kf7 36. Rh1 Bxf5 37. exf5 Nh4 38. Bf2 Qd7 39. Ne3 b5 40. Qe2 Ke7 41. Kh2 a5 42. Bxh4 Rxh4 43. bxa5 Nc5 44. a4 Kf7 45. axb5 Qxb5 46. Rhb1 Qa6 47. Rb6 Qxb6 48. axb6 Rxa1 49. Nxc4 Bf8 50. Ne3 Ra3 51. Qb5 Ra8 52. Qc6 Rd8 53. b7 Be7 54. Qc7 Rhh8 55. Nc4 Na6 56. Qb6 Nc5 57. Na5 Rb8 58. Qa7 Rhe8 59. Bd1 Kf8 60. Be2 Kg7 61. Ba6 Kf7 62. Nc6 Nxa6 63. Qxa6 1-0

[Event "Uzhgorod Spring op"]
[Site "Uzhgorod"]
[Date "2007.05.25"]
[Round "2"]
[White "Korduban, Valerij"]
[Black "Rizsonkov, Vlagyimir"]
[Result "1-0"]
[WhiteElo "2061"]
[BlackElo "2233"]
[PlyCount "118"]
[EventDate "2007.05.24"]
[EventType "swiss"]
[EventRounds "7"]
[EventCountry "UKR"]
[SourceTitle "CBM 118 Extra"]
[Source "ChessBase"]
[SourceDate "2007.07.04"]
[SourceVersion "1"]
[SourceVersionDate "2007.07.04"]
[SourceQuality "1"]

1. g3 d5 2. Bg2 e5 3. Nf3 e4 4. Nd4 Bc5 5. Nb3 Bb6 6. d3 Qe7 7. Nc3 Nf6 8. 0-0 c6 9. Na4 h6 10. Nxb6 axb6 11. dxe4 dxe4 12. Bf4 Nd5 13. Bxb8 Rxb8 14. Qd4 Nf6 15. Qxb6 0-0 16. Qc5 Qc7 17. Rad1 Ra8 18. a3 Re8 19. e3 Bg4 20. Rd4 b6 21. Qc4 Be6 22. Qc3 Rac8 23. Rfd1 Bg4 24. R1d2 Re6 25. Rc4 b5 26. Rc5 Qb6 27. h3 Bh5 28. Nd4 Rd6 29. Rxb5 Qd8 30. Rc5 Nd5 31. Qa5 Qf6 32. Bxe4 Re8 33. Bxd5 cxd5 34. Rxd5 Bg6 35. Rxd6 Qxd6 36. Nf5 Qf6 37. Qb5 Rf8 38. e4 Kh7 39. h4 Qe6 40. Qd5 Rb8 41. b4 Qa6 42. Qe5 Rg8 43. Rd8 f6 44. Qe7 Bxf5 45. Rxg8 Kxg8 46. exf5 Qxa3 47. Qe4 Kh7 48. Kg2 Qc3 49. b5 Qc5 50. c4 h5 51. Qd5 Qb4 52. Qf7 Qe1 53. Qxh5+ Kg8 54. Qf3 Qa1 55. b6 Qb1 56. b7 Kh7 57. c5 Qb4 58. c6 Qb6 59. Qf4 Kg8 1-0

[Event "HUN-chT2 Barcza 0607"]
[Site "Hungary"]
[Date "2007.04.29"]
[Round "9"]
[White "Belteczky, Marton"]
[Black "Rizsonkov, Vlagyimir"]
[Result "0-1"]
[WhiteElo "2007"]
[BlackElo "2270"]
[PlyCount "70"]
[EventDate "2006.11.12"]
[EventType "team"]
[EventRounds "11"]
[EventCountry "HUN"]
[SourceTitle "EXT 2008"]
[Source "ChessBase"]
[SourceDate "2007.11.25"]
[SourceVersion "1"]
[SourceVersionDate "2007.11.25"]
[SourceQuality "1"]
[WhiteTeam "Piremon"]
[BlackTeam "Munkacs"]
[WhiteTeamCountry "HUN"]
[BlackTeamCountry "HUN"]

1. d4 Nf6 2. c4 c5 3. d5 e6 4. Nc3 exd5 5. cxd5 g6 6. e4 d6 7. Nf3 Bg7 8. Bd3 a6 9. a4 Nbd7 10. h3 Qc7 11. Qb3 b6 12. 0-0 0-0 13. Nd2 Rb8 14. f4 Bb7 15. Qc2 Rbc8 16. Nc4 Ne8 17. Qe2 Ra8 18. Bd2 Qb8 19. Qg4 Bc8 20. f5 Ra7 21. Qg3 Ndf6 22. fxg6 hxg6 23. Qh4 b5 24. axb5 axb5 25. Na5 Rxa5 26. Rxa5 c4 27. Rxb5 Qa7+ 28. Qf2 Qxf2+ 29. Kxf2 cxd3 30. Ra1 Nd7 31. Ke3 Nc5 32. Ra7 Bh6+ 33. Kd4 Bxd2 34. Rb8 Bxc3+ 35. Kxc3 Ba6 0-1

[Event "HUN-chT2 Barcza 0607"]
[Site "Hungary"]
[Date "2007.03.25"]
[Round "8"]
[White "Sallai, Janos"]
[Black "Rizsonkov, Vlagyimir"]
[Result "0-1"]
[WhiteElo "2068"]
[BlackElo "2270"]
[PlyCount "76"]
[EventDate "2006.11.12"]
[EventType "team"]
[EventRounds "11"]
[EventCountry "HUN"]
[SourceTitle "EXT 2008"]
[Source "ChessBase"]
[SourceDate "2007.11.25"]
[SourceVersion "1"]
[SourceVersionDate "2007.11.25"]
[SourceQuality "1"]
[WhiteTeam "Mezokovesd"]
[BlackTeam "Munkacs"]
[WhiteTeamCountry "HUN"]
[BlackTeamCountry "HUN"]

1. e4 e5 2. f4 d6 3. Nf3 Nc6 4. Bc4 Be7 5. 0-0 Nf6 6. Qe2 0-0 7. c3 Bg4 8. h3 Be6 9. Bxe6 fxe6 10. fxe5 dxe5 11. Qc4 Qd6 12. b4 b5 13. Qe2 a6 14. a4 Nh5 15. Qe3 Rab8 16. axb5 axb5 17. Ra6 Qd7 18. Na3 Nf4 19. d4 exd4 20. cxd4 Nxb4 21. Ra5 Nfd3 22. Rd1 Nxc1 23. Qxc1 Nc6 24. Ra6 Rxf3 25. gxf3 Nxd4 26. Kg2 c5 27. Nc2 Qb7 28. Ra3 Bf6 29. Nxd4 Bxd4 30. Qc2 Qf7 31. Kh1 Rf8 32. Qg2 b4 33. Rad3 e5 34. Qg4 b3 35. f4 c4 36. Rf3 c3 37. Rdf1 b2 38. fxe5 Qxf3+ 0-1

[Event "HUN-chT2 Barcza 0506"]
[Site "Hungary"]
[Date "2006.03.19"]
[Round "9"]
[White "Istvanovszky, Kalman"]
[Black "Rizsonkov, Vlagyimir"]
[Result "0-1"]
[WhiteElo "2243"]
[BlackElo "2238"]
[PlyCount "48"]
[EventDate "2005.10.16"]
[EventType "team"]
[EventRounds "11"]
[EventCountry "HUN"]
[SourceTitle "EXT 2009"]
[Source "ChessBase"]
[SourceDate "2008.11.26"]
[SourceVersion "1"]
[SourceVersionDate "2008.11.26"]
[SourceQuality "1"]
[WhiteTeam "Hajduboszormeny II"]
[BlackTeam "Szabolcs Volan"]
[WhiteTeamCountry "HUN"]
[BlackTeamCountry "HUN"]

1. e4 d6 2. Bc4 Nf6 3. Nc3 c6 4. Bb3 b5 5. d3 a5 6. a4 b4 7. Nce2 e5 8. Ng3 h5 9. h4 Bg4 10. f3 Bc8 11. Nh3 Bxh3 12. Rxh3 g6 13. Bg5 Nbd7 14. Qd2 Nc5 15. Bc4 Bg7 16. Ne2 Qc7 17. Rh1 Ncd7 18. Rf1 Nb6 19. Bb3 d5 20. c3 Qd6 21. f4 bxc3 22. Qxc3 Nfd7 23. fxe5 Nxe5 24. d4 Nec4 0-1

[Event "HUN-chT2 Barcza 0506"]
[Site "Hungary"]
[Date "2006.02.12"]
[Round "7"]
[White "Ag, Norbert"]
[Black "Rizsonkov, Vlagyimir"]
[Result "1-0"]
[WhiteElo "2083"]
[BlackElo "2238"]
[PlyCount "113"]
[EventDate "2005.10.16"]
[EventType "team"]
[EventRounds "11"]
[EventCountry "HUN"]
[SourceTitle "EXT 2009"]
[Source "ChessBase"]
[SourceDate "2008.11.26"]
[SourceVersion "1"]
[SourceVersionDate "2008.11.26"]
[SourceQuality "1"]
[WhiteTeam "Kozma Auto"]
[BlackTeam "Szabolcs Volan"]
[WhiteTeamCountry "HUN"]
[BlackTeamCountry "HUN"]

1. e4 d6 2. d4 Nf6 3. Bd3 e5 4. d5 Nbd7 5. c4 Nc5 6. Nc3 Nxd3+ 7. Qxd3 Be7 8. Nge2 c6 9. 0-0 cxd5 10. cxd5 a6 11. a4 Nd7 12. Be3 b6 13. b4 0-0 14. f4 exf4 15. Bxf4 Ne5 16. Bxe5 dxe5 17. Qc4 Rb8 18. Kh1 Qd6 19. b5 a5 20. Ng3 g6 21. Qd3 Bd7 22. Nd1 Rbc8 23. Ne3 Qb4 24. Ne2 Bg5 25. Nd1 Rc4 26. Ndc3 Rfc8 27. Rab1 Qc5 28. Rb3 Qd6 29. Qf3 Be8 30. Qd3 R8c7 31. h3 h5 32. Rb2 Bd7 33. Qf3 Bc8 34. Rb3 Bd2 35. Qd3 Bh6 36. Qf3 Kg7 37. Qg3 Kh7 38. Qf3 Bg5 39. Qg3 f6 40. Qf3 h4 41. Qd3 Kg7 42. Kh2 f5 43. Kh1 Rb4 44. Rbb1 Rcc4 45. Rxb4 Qxb4 46. d6 Bb7 47. exf5 e4 48. Qd1 Rxc3 49. Nxc3 Qxc3 50. fxg6 Kxg6 51. Qg4 Qe5 52. d7 Kh6 53. Rf5 Qa1+ 54. Kh2 Qc1 55. d8Q Bf4+ 56. Qxf4+ Qxf4+ 57. Rxf4 1-0

[Event "Nyiregyhaza op"]
[Site "Nyiregyhaza"]
[Date "2005.07.16"]
[Round "8"]
[White "Veress, Lajos"]
[Black "Rizsonkov, Vlagyimir"]
[Result "1/2-1/2"]
[WhiteElo "2107"]
[BlackElo "2238"]
[PlyCount "91"]
[EventDate "2005.07.09"]
[EventType "swiss"]
[EventRounds "9"]
[EventCountry "HUN"]
[SourceTitle "EXT 2008"]
[Source "ChessBase"]
[SourceDate "2007.11.25"]
[SourceVersion "1"]
[SourceVersionDate "2007.11.25"]
[SourceQuality "1"]

1. e4 d6 2. d4 Nf6 3. Nc3 c6 4. Be2 Qa5 5. Nf3 Nxe4 6. 0-0 Nf6 7. Bg5 Nbd7 8. Bh4 h6 9. Nd2 d5 10. Re1 e6 11. a3 Qb6 12. Nf3 Bd6 13. Bd3 0-0 14. b4 a5 15. Na4 Qc7 16. c3 b6 17. Nb2 c5 18. b5 Re8 19. Bb1 c4 20. Na4 Bb7 21. Bxf6 Nxf6 22. Ne5 Rab8 23. Qe2 Nd7 24. f4 Nf6 25. Nb2 a4 26. Nxa4 Ra8 27. Bc2 Ra5 28. Nb2 Bxa3 29. Reb1 Rea8 30. Nd1 Bd6 31. Rxa5 Rxa5 32. Ne3 Ra3 33. Qe1 Qc8 34. g3 Qa8 35. f5 Qa5 36. fxe6 fxe6 37. N3xc4 dxc4 38. Nxc4 Qxc3 39. Qxc3 Rxc3 40. Nxd6 Bd5 41. Bg6 Kf8 42. Nf7 Ke7 43. Ra1 Ng4 44. Ne5 Ne3 45. Ra7+ Kd8 46. Rxg7 1/2-1/2

[Event "Nyiregyhaza op"]
[Site "Nyiregyhaza"]
[Date "2005.07.11"]
[Round "3"]
[White "Rizsonkov, Vlagyimir"]
[Black "Dovzik, Juri"]
[Result "1/2-1/2"]
[WhiteElo "2238"]
[BlackElo "2416"]
[PlyCount "82"]
[EventDate "2005.07.09"]
[EventType "swiss"]
[EventRounds "9"]
[EventCountry "HUN"]
[SourceTitle "EXT 2008"]
[Source "ChessBase"]
[SourceDate "2007.11.25"]
[SourceVersion "1"]
[SourceVersionDate "2007.11.25"]
[SourceQuality "1"]

1. e4 c5 2. Nf3 d6 3. d4 cxd4 4. Nxd4 Nf6 5. Nc3 Nc6 6. Be2 e6 7. Be3 a6 8. 0-0 Qc7 9. f4 Be7 10. Nb3 0-0 11. Qe1 b5 12. Bf3 Bb7 13. Rd1 Nb4 14. Rd2 Rac8 15. Qf2 Nc6 16. a3 b4 17. axb4 Nxb4 18. Ra1 d5 19. e5 Ne4 20. Bxe4 dxe4 21. Bb6 Qb8 22. Rd7 Rfe8 23. Ba7 Qa8 24. Be3 Bc6 25. Ra7 Qb8 26. Na5 Rc7 27. Nxc6 Rxc6 28. Rd1 Rc7 29. Rd7 Rxa7 30. Rxa7 Qc8 31. Bb6 e3 32. Qxe3 Nxc2 33. Qf2 Nb4 34. Rc7 Qb8 35. Rd7 Qc8 36. Rc7 Qb8 37. Rd7 Qc8 38. Rc7 Qd8 39. Qd4 Qxd4+ 40. Bxd4 g5 41. fxg5 Bxg5 1/2-1/2

[Event "Nyiregyhaza op"]
[Site "Nyiregyhaza"]
[Date "2005.07.10"]
[Round "2"]
[White "Bokros, Albert"]
[Black "Rizsonkov, Vlagyimir"]
[Result "1/2-1/2"]
[WhiteElo "2446"]
[BlackElo "2238"]
[PlyCount "58"]
[EventDate "2005.07.09"]
[EventType "swiss"]
[EventRounds "9"]
[EventCountry "HUN"]
[SourceTitle "EXT 2008"]
[Source "ChessBase"]
[SourceDate "2007.11.25"]
[SourceVersion "1"]
[SourceVersionDate "2007.11.25"]
[SourceQuality "1"]

1. e4 Nf6 2. e5 Nd5 3. d4 d6 4. c4 Nb6 5. exd6 exd6 6. Nc3 Be7 7. Nf3 Bg4 8. h3 Bh5 9. Be3 N8d7 10. b3 Nf6 11. Be2 0-0 12. Rc1 a6 13. 0-0 Re8 14. g4 Bg6 15. Nh4 Bf8 16. Nxg6 hxg6 17. Bf3 d5 18. c5 Nc8 19. Qd3 c6 20. Kg2 Nh7 21. h4 Be7 22. g5 Qd7 23. Ne2 Bd8 24. Ng3 Ne7 25. Rh1 Bc7 26. Rh3 Nf5 27. Nxf5 gxf5 28. Bd2 Rad8 29. Rch1 f4 1/2-1/2

[Event "UKR-ch sf"]
[Site "Alushta"]
[Date "2005.05.19"]
[Round "4"]
[White "Rizsonkov, Vlagyimir"]
[Black "Nyzhnyk, Illya"]
[Result "1/2-1/2"]
[WhiteElo "2273"]
[BlackElo "2119"]
[PlyCount "127"]
[EventDate "2005.05.16"]
[EventType "swiss"]
[EventRounds "9"]
[EventCountry "UKR"]
[SourceTitle "CBM 106 Extra"]
[Source "ChessBase"]
[SourceDate "2005.07.01"]
[SourceVersion "1"]
[SourceVersionDate "2005.07.01"]
[SourceQuality "1"]

1. e4 e5 2. Nf3 Nc6 3. d4 exd4 4. Bc4 Nf6 5. 0-0 Nxe4 6. Re1 d5 7. Bxd5 Qxd5 8. Nc3 Qh5 9. Nxe4 Be6 10. Bg5 Bd6 11. Nxd6+ cxd6 12. Bf4 Qc5 13. c3 dxc3 14. Bxd6 Qb6 15. Ba3 cxb2 16. Rb1 Qd8 17. Qe2 Qc7 18. Red1 Rd8 19. Re1 Kd7 20. Ng5 Kc8 21. Qxb2 Bf5 22. Rbc1 Bg6 23. Nf3 Qb6 24. Qc3 Kb8 25. Bc5 Qa5 26. Qb2 Ka8 27. Be3 Rd5 28. Rc3 Rhd8 29. Ra3 Qb5 30. Rb3 Qa6 31. Qa1 Qa4 32. Qb2 Qa6 33. h3 Rd3 34. Rxd3 Qxd3 35. Rc1 f6 36. Nd2 Rd5 37. Rc3 Qf5 38. Qa3 Qd7 39. Qc1 Bf7 40. Qb2 Rd3 41. Rc1 Rd5 42. Qc3 Rd3 43. Qb2 Rd5 44. Qc2 Bg6 45. Qb2 Rd3 46. Rc5 Rd5 47. Rc4 Rd3 48. Qc1 Rd5 49. Ra4 Ra5 50. Rxa5 Nxa5 51. Qc5 b6 52. Qf8+ Kb7 53. Bf4 Ka6 54. Qb4 Bf7 55. a3 f5 56. Qc3 g6 57. Qe3 Bd5 58. Qd3+ Kb7 59. Nf3 Bc6 60. Qe2 Bxf3 61. Qxf3+ Nc6 62. h4 Qe6 63. Qc3 Qd7 64. Qf3 1/2-1/2

[Event "SVK-chT3D 9900"]
[Site "Slovakia"]
[Date "2000.??.??"]
[Round "5"]
[White "Zambor, Norbert"]
[Black "Rizsonkov, Vlagyimir"]
[Result "0-1"]
[WhiteElo "2272"]
[BlackElo "2247"]
[PlyCount "78"]
[EventDate "1999.??.??"]
[EventType "team"]
[EventRounds "11"]
[EventCountry "SVK"]
[SourceTitle "EXT 2001"]
[Source "ChessBase"]
[SourceDate "2000.11.22"]
[SourceVersion "1"]
[SourceVersionDate "2000.11.22"]
[SourceQuality "1"]

1. d4 Nf6 2. Bg5 Ne4 3. Bf4 d5 4. e3 e6 5. Bd3 f5 6. Bxe4 dxe4 7. f3 exf3 8. Nxf3 Be7 9. c4 0-0 10. Nc3 c6 11. Qd3 Nd7 12. 0-0-0 a6 13. h3 b5 14. g4 Bb7 15. c5 Kh8 16. Rhg1 Bc8 17. g5 Qe8 18. h4 Ra7 19. Qe2 b4 20. Nb1 Qh5 21. Qg2 a5 22. Nbd2 Ba6 23. Nf1 Bc4 24. Ng3 Qe8 25. Ne5 Bd5 26. Qh2 Nxe5 27. Bxe5 Bxa2 28. Ne2 Bb3 29. h5 Kg8 30. h6 g6 31. Bg7 Rf7 32. Qe5 Bd8 33. d5 Bxd5 34. Rxd5 cxd5 35. Nf4 Bc7 36. Qd4 e5 37. Qxd5 exf4 38. Rd1 fxe3 39. Bf6 e2 0-1